Microeconomía básica en siete lecciones /

Detalles Bibliográficos
Autor principal: Gaitán Méndez, Jorge Eliécer (Autor)
Formato: Electrónico eBook
Lenguaje:español
Publicado: Bogotá : Editorial Uniagustiniana, [2020]
Colección:Colección Ciencias económicas y administrativas (Editorial Uniagustiniana)
Materias:
Acceso en línea:Digitalia Hispánica

MARC

LEADER 00000nam a2200000Ii 4500
001 DIGUAGANA0016
003 NyNyDIG
006 m o d
007 cr |||||||||||
008 250303s2020 ck a ob 000 0 spa d
035 |a (OCoLC)1506458589 
040 |a DGITA  |b eng  |e rda  |e pn  |c DGITA 
020 |a 9789585498549  |q (digital) 
020 |z 9789585498532  |q (impreso) 
050 1 4 |a HB172 ebook 
100 1 |a Gaitán Méndez, Jorge Eliécer,  |e author. 
245 1 0 |a Microeconomía básica en siete lecciones /  |c Jorge Eliécer Gaitán Méndez, autor. 
264 1 |a Bogotá :  |b Editorial Uniagustiniana,  |c [2020] 
300 |a 1 online resource :  |b illustrations. 
336 |a text  |b txt  |2 rdacontent 
337 |a computer  |b c  |2 rdamedia 
338 |a online resource  |b cr  |2 rdacarrier 
347 |a text file  |2 rdaft 
347 |b PDF 
490 1 |a Colección Ciencias económicas y administrativas 
504 |a Includes bibliographical references. 
588 0 |a Online resource; title from PDF title page (Digitalia, viewed March 3, 2025) 
650 0 |a Microeconomics. 
650 0 |a Costs, Industrial. 
776 0 8 |i Print version:  |a Gaitán Méndez, Jorge Eliécer.  |t Microeconomía básica en siete lecciones.  |d Bogotá : Editorial Uniagustiniana, [2020]  |z 9789585498532 
791 2 |a Digitalia (Firm),  |e distributor. 
793 0 |g Digitalia eBook Collection:  |a Editorial Uniagustiniana 
830 0 |a Colección Ciencias económicas y administrativas (Editorial Uniagustiniana) 
856 4 0 |3 Digitalia Hispánica  |u https://www.digitaliapublishing.com/a/162812/ 
910 |a Premium collection: 2025